1103-埼玉高速鉄道の駅 - Statistics

General Stats
  • This quiz has been taken 247 times
  • The average score is 7 of 8
Answer Stats
埼玉高速鉄道線 % Correct
赤羽岩淵
100%
浦和美園
99%
鳩ヶ谷
93%
東川口
92%
南鳩ヶ谷
84%
川口元郷
83%
戸塚安行
79%
新井宿
70%
No matching quizzes found
Score Distribution
Percent of People with Each Score
Percentile by Number Answered
Your Score History
You have not taken this quiz